Eureka! CN: Ciências naturais: Caderno de actividades: 3º ciclo

Saved in:
Bibliographic Details
Main Author: Henriques, João Azevedo
Other Authors: Rebelo, Paula Santana
Format: Unknown
Language:Portuguese
Published: Cacém Texto 2002
Edition:1ª ed.
Textbook Catalogue:MANES:  Library Catalog Search Result
Textbook Classification:
Tags: Add Tag
No Tags, Be the first to tag this record!
Added to:2016-04-26
Changed in:2025-04-25

MARC

LEADER 000000000a22000000004500
001 26146
003 OSt
005 20250425111404.0
008 160427s pt ||||| |||| 00| 0 por d
040 |c centro_manes 
041 1 |a por 
100 1 |a Henriques, João Azevedo  |9 14921 
245 0 0 |a Eureka! CN: Ciências naturais: Caderno de actividades: 3º ciclo 
250 |a 1ª ed. 
260 3 |a Cacém  |b Texto  |c 2002 
300 |a 48 p.  |c 27 cm 
561 |5 pt-BNP  |a Portugal. Biblioteca Nacional de Portugal  |k MANES 
690 |a CN 
691 |a SE 
700 1 |a Rebelo, Paula Santana  |9 14923 
942 |2 ddc  |c BK 
546 |a Portugal 
999 |c 27608  |d 27608 
999 |c manes:27608  |d 27608